Tactical Missile Design / (Record no. 559958)

000 -LEADER
fixed length control field 00400nam a2200145Ia 4500
008 - FIXED-LENGTH DATA ELEMENTS--GENERAL INFORMATION
fixed length control field 210428s9999 xx 000 0 und d
020 ## - INTERNATIONAL STANDARD BOOK NUMBER
International Standard Book Number 1-56347-494-8
082 ## - DEWEY DECIMAL CLASSIFICATION NUMBER
Classification number 623.45 F593 T
100 ## - MAIN ENTRY--PERSONAL NAME
Personal name Eugene L.Fleeman
9 (RLIN) 52191
245 #0 - TITLE STATEMENT
Title Tactical Missile Design /
Statement of responsibility, etc. Eugene L.Fleeman
260 ## - PUBLICATION, DISTRIBUTION, ETC.
Name of publisher, distributor, etc. ALAA
Place of publication, distribution, etc. America
Date of publication, distribution, etc. 2001
300 ## - PHYSICAL DESCRIPTION
Extent 267 P
440 ## - SERIES STATEMENT/ADDED ENTRY--TITLE
Title AIAA Educational Series
9 (RLIN) 127575
942 ## - ADDED ENTRY ELEMENTS (KOHA)
Koha item type Book
Source of classification or shelving scheme
Holdings
Withdrawn status Lost status Damaged status Not for loan Permanent Location Current Location Date acquired Total Checkouts Full call number Barcode Date last seen Price effective from Koha item type
        School of Chemical & Materials Engineering (SCME) School of Chemical & Materials Engineering (SCME) 09/11/8   623.45 F593 T SCME-106 04/28/2021 04/28/2021 Book
© 2023 Central Library, National University of Sciences and Technology. All Rights Reserved.